| 000 | 03503cam a2200373 i 4500 | ||
|---|---|---|---|
| 999 |
_c9348 _d9348 |
||
| 001 | 424557577 | ||
| 003 | OCoLC | ||
| 005 | 20241126110710.0 | ||
| 008 | 091016t20102010miu b 001 0 eng | ||
| 010 | _a2009043303 | ||
| 020 | _a9780801036415 | ||
| 020 | _a0801036410 | ||
| 035 | _a(OCoLC)424557577 | ||
| 040 |
_aDLC _beng _erda _cDLC _dBTCTA _dXBE _dC#P _dYDXCP _dBWX _dCDX _dBDX _dOCLCF _dOCLCQ _dOKR _dSGB _dOCLCA |
||
| 050 | 0 | 0 |
_aBV2063 _b.P55 2010 |
| 050 | 0 | 0 |
_aBV2063 _b.P55 2010 |
| 082 |
_a266.001 _bPIP |
||
| 100 | 1 |
_aPiper, John, _d1946- _eauthor. _98858 |
|
| 245 | 1 | 0 |
_aLet the nations be glad! : _bthe supremacy of God in missions / _cJohn Piper. |
| 250 | _aThird edition. | ||
| 264 | 1 |
_aGrand Rapids, Michigan : _bBaker Academic, _c[2010] |
|
| 264 | 4 | _c℗♭2010 | |
| 300 |
_a280 pages ; _c23 cm |
||
| 336 |
_atext _btxt _2rdacontent |
||
| 337 |
_aunmediated _bn _2rdamedia |
||
| 338 |
_avolume _bnc _2rdacarrier |
||
| 504 | _aIncludes bibliographical references and indexes. | ||
| 505 | 0 | _aIntroduction to the Third Edition : New realities in world Christianity and twelve appeals to prosperity preachers -- Part one : Making God supreme in missions : the purpose, the power, and the price. 1. The supremacy of God in missions through worship -- 2. The supremacy of God in missions through prayer -- 3. The supremacy of God in missions through suffering -- Part two : Making God supreme in missions : the necessity and nature of the task. 4. The supremacy of Christ as the conscious focus of all saving faith -- 5. The supremacy of God among "all the nations" -- Part three : Making God supreme in missions : the practical outworking of compassion and worship. 6. A passion for God's supremacy and compassion for man's soul : Jonathan Edwards on the unity of motives for world missions -- 7. The inner simplicity and outer freedom of worldwide worship -- Conclusion -- Afterword : The supremacy of God in going and sending / Tom Steller. | |
| 520 | _a"Missions is not the ultimate goal of the church. Worship is. Missions exists because worship doesn't. Worship is ultimate." - John Piper. Let the Nations Be Glad! has become a modern missions classic. A trusted resource for thousands of missionaries, pastors, church leaders, and laypeople, it provides a biblical basis for missions and worship. This third edition has been expanded to include timely new material on the prosperity gospel. - Back cover. | ||
| 520 | _aThis new edition of a bestselling textbook (over 185,000 copies sold) draws on key biblical texts to demonstrate that worship is the ultimate goal of the church and that proper worship fuels missionary outreach. John Piper offers a biblical defense of God's supremacy in all things, providing readers with a sound theological foundation for missions. He examines whether Jesus is the only way to salvation and issues a passionate plea for God-centeredness in the missionary enterprise, seeking to define the scope of the task and the means for reaching "all nations." The third edition has been revised and expanded throughout and includes new material on the prosperity gospel. The book is essential reading for those involved in or preparing for missions work. It also offers enlightenment for college and seminary students, pastors, youth workers, campus ministers, and all who want to connect their labors to God's global purposes. - Publisher. | ||
| 650 | 0 |
_aMissions _xTheory. _948 |
|
| 650 | 0 |
_aGod (Christianity) _xWorship and love. _97109 |
|
| 942 |
_2ddc _cBK _02 |
||